José Donoso (Record no. 142736)

MARC details
000 -LEADER
campo de control de longitud fija 00790nam a2200229 i 4500
001 - NÚMERO DE CONTROL
campo de control 142736
003 - IDENTIFICADOR DE NÚMERO DE CONTROL
campo de control ES-MaACL
005 - FECHA Y HORA DE LA ÚLTIMA TRANSACCIÓN
campo de control 20251121172349.0
007 - CAMPO FIJO DE DESCRIPCIÓN FÍSICA--INFORMACIÓN GENERAL
campo de control de longitud fija t|
008 - DATOS DE LONGITUD FIJA--INFORMACIÓN GENERAL
campo de control de longitud fija 071009s1972 sp ||||1| spa d
080 ## - NÚMERO DE LA CLASIFICACIÓN DECIMAL UNIVERSAL
Número de la Clasificación Decimal Universal 860(83) Donoso, José 1.06
100 1# - ENTRADA PRINCIPAL--NOMBRE DE PERSONA
Nombre de persona Vidal, Hernán.
9 (RLIN) 114431
245 10 - MENCIÓN DEL TÍTULO
Título José Donoso
Resto del título : surrealismo y rebelión de los instintos /
Mención de responsabilidad, etc. Hernán Vidal.
250 ## - MENCION DE EDICION
Mención de edición [1ª ed.].
260 ## - PUBLICACIÓN, DISTRIBUCIÓN, ETC.
Lugar de publicación, distribución, etc. [San Antonio de Calonge (Gerona)] :
Nombre del editor, distribuidor, etc. Bosch,
Fecha de publicación, distribución, etc. [1972]
300 ## - DESCRIPCIÓN FÍSICA
Extensión 245 p. ;
Dimensiones 18 cm.
490 1# - MENCIÓN DE SERIE
Mención de serie Colección Aubí ;
Designación de volumen o secuencia 7.
Mención de serie Clásicos y ensayos
600 04 - PUNTO DE ACCESO ADICIONAL DE MATERIA--NOMBRE DE PERSONA
Nombre de persona Donoso, José,
Fechas asociadas al nombre 1924-1996-
Subdivisión general Crítica e interpretación
9 (RLIN) 45337
830 0# - PUNTO DE ACCESO ADICIONAL DE SERIE-TÍTULO UNIFORME
Título uniforme Colección Aubí ;
Designación de volumen o secuencia 7.
Título uniforme Clásicos y ensayos
9 (RLIN) 220508
852 ## - LOCALIZACIÓN
Ubicación ES-MaACL
Número de control de estantería C-52900
Sublocalización o colección R.86377
Holdings
Estatus retirado Estado de pérdida Estado de daño No para préstamo Biblioteca de origen Biblioteca actual Ubicación en estantería Fecha de adquisición Fuente de adquisición Total de préstamos Signatura topográfica completa Código de barras Visto por última vez Precio de reemplazo Tipo de ítem Koha
        Biblioteca del Ateneo de Madrid Biblioteca del Ateneo de Madrid Depósito 2 17/01/2008     C-52900 1148515 23/02/2023 23/02/2023 Libro impreso